| 000 | 00437 a2200157 4500 | ||
|---|---|---|---|
| 001 | 53425 | ||
| 082 | _a620.1MER | ||
| 090 |
_c33658 _d33658 |
||
| 100 | _aMeriam, J L. ; Kraige, L G. | ||
| 245 |
_aEngineering Mehanics : Statiscs, 3rd Ed, V.1 _cMeriam, J L. ; Kraige, L G. |
||
| 250 | _a3 | ||
| 260 |
_aNew York _bJohn Wiley _c1993 |
||
| 300 |
_a522. p. _borigional books |
||
| 500 | _aBE textbook Aerospace | ||
| 600 | _aKraige, L. G. | ||
| 942 |
_aNUST-CAE _k620.1MER |
||
| 999 |
_c288498 _d288498 |
||